000 00681nam a22001937a 4500
999 _c13747
_d13747
003 AR-CdUCM
008 190416b ||||| |||| 00| 0 spa d
040 _aMUNICIPALIDAD PROVINCIAL DEL CUSCO
_cBIBLIOTECA MUNICIPAL DEL CUSCO
082 _a572.073 /
_bS58
100 _aSilva Santisteban, Fernando
_98153
245 _aAntropología :
_bConceptos y nociones generales /
260 _aLima :
_bUniversidad de Lima,
_c1977.
300 _a473 paginas ;
_c19 cm.
505 _aContenido :La ciencia antropológica - La evolución - Origen del hombre /
650 _aAntropología
_9878
710 _aUniversidad de Lima
_932275
942 _2ddc
_cLIBROS
945 _arjall
_d2019-04-16